000 01869nam a2200421 c 4500
003 BLK
005 20200702145812.0
008 180408b bul|||||r ||||||| ||bul||
010 _aKNG00044880000
020 _a978-954-398-101-4
_bиздат.: Труд
020 _a954-528-398-101-4
_bиздат.: Труд - (грешен)
040 _aBLK
041 _aENG
_cENG
_hBUL
072 7 _2bullib
_aН6202
_xСчетоводство Н
080 _aСчетоводство. Счетоводни системи и операции, водене на сметките, журнал-ордер и др.
_b657
_x(038.1)=20=867
_z657(038.1)=20=867
080 _aРазлични категории думи
_b81`373.4
_x=20=867:657
_z81`373.4=20=867:657
700 1 _aГеоргиева, Лилия
_eпрев.
_9277670
139 _aАнглийско-български речник по счетоводство
_bА 64
245 1 0 _aАнглийско-български речник по счетоводство
_cпрев. Лилия Георгиева.
257 _aBGR
260 София
_bТруд
_c2011
_fСофия : Монт
300 _a336 с.
_c21 см
380 _a62
490 1 _aСправочници 21 век
500 _aБез сведение за ориг. загл.
650 4 _aСчетоводство - терминология - речници
_9269960
650 4 _aАнглийски език - речници, английско-български
_9241873
653 _aсчетоводство
653 _aтерминологични речници
653 _aанглийски език
653 _aбългарски език
659 _aН
852 _aЦб 254154
856 4 _qpdf
_u
856 4 _qpdf
_u
942 _cKNG
_n0
_01
944 _aCR
_c22.12.2011
_lф /
_kГеновева_Генчева
944 _aED
_c21.08.2014
_lф /
_k
999 _c41320
_d41320